000 004290000a22001810004500
003 MACL
005 20160101115919.0
008 160101b xxu||||| |||| 00| 0 eng d
040 _aMACL
_cMACL
041 _aEnglish
082 _a343.052
100 _aTexpert
_926164
245 _aThe Elements of Income Tax
260 _bC. jamnadas & Co
_aBombay
_c1988
350 _a58
650 _aTax
_926165
942 _cBK
_k343.052
_2ddc
999 _c34239
_d34239